LEADER 01052nam a2200265 i 4500 001 000000038283 003 CaOOAMICUS 005 19931231000000.0 008 931231s1968 it u000 u ita u 013 $a8708 040 $aSeMil$bita 100 1 $aBrecht, Bertolt,$d<1898-1956>.$0(OLS)http://semarc/name/2595 240 10$aSchweyk im zweiten Weltkrieg.$0(OLS)http://semarc/title/53974 245 10$aSvejk nella seconda guerra mondiale /$cBertolt Brecht. 250 $a2. ed. 260 $aTorino :$bGiulio Einaudi,$c1968. 300 $a90 p. ;$c19 cm. 490 0 $aCollezione di teatro ;$v45 650 4$aLetteratura drammatica tedesca.$0(OLS)http://semarc/subject/7743 830 0$aCollezione di teatro ;$v45.$0(OLS)http://semarc/title/6906 850 $aSeMil 852 $aSeMil$W1$xVenegono$y1$m1O I 28$j4438$B4438$CSeMilBibl$Z2$F4438 $81 961 $aOmaggio: Deposito 996 $6245$aSvejk nella seconda guerra mondiale$9(OLS)http://semarc/title/53973 996 $6260$aTorino :$bGiulio Einaudi$9(OLS)http://semarc/publisher/29810 LEADER 00532nam a2200169 i 4500 001 000000187145 003 CaOOAMICUS 005 20100311000000.0 008 100311n it u000 u fre u 013 $a165206 040 $aSeMil$bita 245 10$aTome 2. 300 $a479 p. 773 0 $aBlin, L.$tCommentaire du directoire spirituel de Saint François de Sales.$w()23100 850 $aSeMil 852 $aSeMil$W1$xVenegono$y1$m3F IV 112$j137832$B137832$CSeMilBibl$Z2$F149310 $81 996 $6245$aTome 2$9(OLS)http://semarc/title/1533